000 00562cam a2200205ua 4500
041 _aeng
_h
082 _a604.2
_bLOM/EN
100 _aLombardo, Joseph Vincent .
245 _aEngineering drawing /
_cJoseph Vincent Lombardo.
_hTextual Documents
250 _a1 /
_b.
260 _aNew York :
_bBarnes & Noble ,
_c1961.
300 _a429 ; .
440 0 _aCollege outline series,
_v
_x;
490 0 _aCollege outline series,
_v
_x;
504 _a
700 1 _aJohnson, Lewis O .
700 1 _aShort, Irwin W .
942 _cBK
999 _c10808
_d10808